| 000 | 00886cab a2200253 4500 | ||
|---|---|---|---|
| 001 | ##L134839 | ||
| 008 | 060905n2006 000 0 eng u | ||
| 035 | _a(Sirsi) u134839 | ||
| 041 | 0 | _aeng | |
| 100 | 1 | _aTaylor, Andrew | |
| 245 | 0 | 0 |
_aFocus update _bSouth Wales |
| 260 | _c2006 | ||
| 490 | 0 |
_aEstates Gazette _v(0635) 2 September 2006, 123-135(8) |
|
| 520 | _aReports on the commercial property market in South Wales, including the St David's 2 retail development in Cardiff, office rents, availability and take-up in Cardiff, Swansea and Newport and the recovery of the industrial market in South Wales. Tables. | ||
| 590 | _aIKA190906 | ||
| 651 | 4 | _aSOUTH WALES | |
| 651 | 4 | _aCARDIFF | |
| 651 | 4 | _aSWANSEA | |
| 651 | 4 | _aNEWPORT | |
| 690 | _aPROPERTY-COMMERCIAL PROPERTY-COMMERCIAL PROPERTY MARKET | ||
| 700 | 1 | _aJones, Neil | |
| 700 | 1 | _aJack, Simon | |
| 942 | _n0 | ||
| 999 |
_c77675 _d77675 |
||